Immigration and state power /

Guardado en:
書目詳細資料
主要作者: Harris, Nigel
格式: Texto
標簽: 添加標簽
沒有標簽, 成為第一個標記此記錄!

MARC

LEADER 00000 a a2200000 04500
001 48529
003
040
100 |a Harris, Nigel  
245 |a Immigration and state power /  |c Nigel Harris  
773 |g volumen11, número2, (2009), páginas 4-7  
999 |c 31764  |d 31764